| 000 | 00404nam a2200133 i 4500 | ||
|---|---|---|---|
| 001 | 98805 | ||
| 003 | ES-MaACL | ||
| 007 | t| | ||
| 008 | 051026q18501899fr ||||1| fre d | ||
| 245 | 0 | 4 |
_aLes Ecueils de la Bourse / _cpar un ancien agent de change. |
| 260 |
_aParis : _bLibrairie du Petit Journal, _c18--?] ( _eCouloumiers : _fTyp. A. Moussin) |
||
| 300 |
_a287 p. ; _c18 cm. |
||
| 852 |
_aES-MaACL _jG-10754 |
||
| 999 |
_c98805 _d98805 |
||